书目信息 |
| 题名: |
超细晶材料的晶界和超塑性
|
|
| 作者: | 日尔亚耶夫 , Pshenichnyuk 著 | |
| 分册: | ||
| 出版信息: | 哈尔滨 哈尔滨工业大学出版社 2017.10 |
|
| 页数: | 312页 | |
| 开本: | 23cm | |
| 丛书名: | ||
| 单 册: | ||
| 中图分类: | TG111.7 | |
| 科图分类: | ||
| 主题词: | 晶界滑移--研究--英文 | |
| 电子资源: | ||
| ISBN: | 978-7-5603-6393-6 | |
| 000 | 01102nam0 2200253 450 | |
| 001 | 1339 | |
| 005 | 20180928084349.37 | |
| 010 | @a978-7-5603-6393-6@dCNY220.00 | |
| 100 | @a20180217e2017 em y0chiy50 ea | |
| 101 | 0 | @aeng@gchi |
| 102 | @aCN@b230000 | |
| 105 | @aa z 001yy | |
| 200 | 1 | @a超细晶材料的晶界和超塑性@9chao xi jing cai liao de jing jie he chao su xing@dSuperplasticity and grain boundaries in ultrafine-grained materials@fA. Zhilyaev,A. Pshenichnyuk[著]@zeng |
| 205 | @a影印版 | |
| 210 | @a哈尔滨@c哈尔滨工业大学出版社@d2017.10 | |
| 215 | @a312页@c图@d23cm | |
| 330 | @a本书讨论了多晶体材料中超塑性和晶界滑动的问题,探讨了晶界形成和演化的微观结构,分析了经过剧烈塑性变形的材料的晶界、纹理和系综的变化,同时考察了晶界在晶粒间界扩散、弛豫和晶粒生长过程中的作用。 | |
| 510 | 1 | @aSuperplasticity and grain boundaries in ultrafine-grained materials@zeng |
| 606 | 0 | @a晶界滑移@x研究@j英文 |
| 690 | @aTG111.7@v5 | |
| 701 | 0 | @c(西)@a日尔亚耶夫@9ri er ya ye fu@c(Zhilyaev, A.)@4著 |
| 701 | 1 | @aPshenichnyuk@bA.@4著 |
| 801 | 0 | @aCN@b91MARC@c20180217 |
| 905 | @aMuseLib@dTG111.7@e82 | |
| 超细晶材料的晶界和超塑性=Superplasticity and grain boundaries in ultrafine-grained materials/A. Zhilyaev,A. Pshenichnyuk[著].-影印版.-哈尔滨:哈尔滨工业大学出版社,2017.10 |
| 312页:图;23cm |
| ISBN 978-7-5603-6393-6:CNY220.00 |
| 本书讨论了多晶体材料中超塑性和晶界滑动的问题,探讨了晶界形成和演化的微观结构,分析了经过剧烈塑性变形的材料的晶界、纹理和系综的变化,同时考察了晶界在晶粒间界扩散、弛豫和晶粒生长过程中的作用。 |
| ● |
| 相关链接 |
|
|
|
|
正题名:超细晶材料的晶界和超塑性
索取号:TG111.7/82
 
预约/预借
| 序号 | 登录号 | 条形码 | 馆藏地/架位号 | 状态 | 备注 |
| 1 | 1122153 | 211221532 | 第二样本阅览室/ [索取号:TG111.7/82] | 在馆 | |
| 2 | 1122154 | 211221541 | 化学系资料室/ [索取号:TG111.7/82] | 在馆 |